| 000 | 00878aam a2200289 4500 | ||
|---|---|---|---|
| 005 | 20220128135914.0 | ||
| 008 | 150626b xxu||||| |||| 00| 0 spa d | ||
| 041 | _aEspañol | ||
| 082 | _a617.695 G993b | ||
| 100 |
_aGuzmán Baez, Humberto José _926696 |
||
| 245 | _aBiomateriales odontológicos de uso clínico | ||
| 250 | _a4 edición | ||
| 260 |
_aColombia _bEcoe Ediciones _c2007 |
||
| 300 | _a500 páginas | ||
| 650 |
_aMATERIALES DENTALES _93183 |
||
| 650 |
_aBIOMATERIALES DENTALES _918287 |
||
| 650 |
_aBIOMATERIALES ODONTOLÓGICOS _926697 |
||
| 650 |
_aSELLANTES _926698 |
||
| 650 |
_aRESINAS _917290 |
||
| 650 |
_aCERÁMICAS DENTALES _94486 |
||
| 650 |
_aPOLÍMEROS _919283 |
||
| 650 |
_aMETALOGRAFÍA _926699 |
||
| 650 |
_aALEACIONES DE ORO _920573 |
||
| 650 |
_aALEACIONES DE PLATA _926700 |
||
| 650 |
_aINSTRUMENTOS ODONTOLÓGICOS _926701 |
||
| 942 | _cBK | ||
| 999 |
_c3123 _d3123 |
||